Countries (in English) that Have Special Vietnamese Names - Statistics

General Stats
  • This quiz has been taken 223 times
  • The average score is 24 of 38
Answer Stats
Vietnamese Name Country % Correct
Trung Quốc China
96%
Chủng Quốc Hoa Kỳ United States
94%
Nga Russia
92%
Pháp France
89%
Nhật Bản Japan
89%
Hàn Quốc South Korea
88%
Đức Germany
85%
Úc Australia
84%
Bắc Triều Tiên North Korea
84%
Ấn Độ India
83%
Tây Ban Nha Spain
79%
Lào Laos
78%
Thái Lan Thailand
78%
Campuchia Cambodia
77%
Ý Italy
77%
Bồ Đào Nha Portugal
72%
Thụy Điển Sweden
72%
Mông Cổ Mongolia
70%
Na Uy Norway
67%
Bỉ Belgium
62%
Phần Lan Finland
62%
Hy Lạp Greece
62%
Hà Lan Netherlands
62%
Ba Lan Poland
62%
Thụy Sĩ Switzerland
62%
Thổ Nhĩ Kỳ Turkey
60%
Áo Austria
59%
Ai Cập Egypt
59%
Đan Mạch Denmark
58%
Đài Loan Taiwan
57%
Ai-len Ireland
42%
Ả Rập Xê Út Saudi Arabia
41%
Cộng hoà Séc Czech Republic
38%
Maroc Morocco
24%
Síp Cyprus
17%
Liban Lebanon
15%
Litva Lithuania
14%
Gruzia Georgia
11%
No matching quizzes found
Score Distribution
Percent of People with Each Score
Percentile by Number Answered
Your Score History
You have not taken this quiz